000
00232nam a2200097Ia 4500
008
230222s9999 xx 000 0 und d
100
_a
Hamsa Pattara
245
0
_a
Erulum Njanum: (MALAYALAM)
260
_b
Neruda Pub.
_c
2001
942
_c
BK
999
_c
3492
_d
3492